000 00613nam a22001937a 4500
005 20251108174720.0
008 250721s2004 xx 000 0 ara d
082 1 4 _a320.54/بنس
100 1 _aبنسون، إيفور
245 1 0 _a\العامل الصهيوني في أحداث القرن العشرين /
264 1 _aدمشق :
_bمكتبة دار طلاس،
_c2004.
300 _a248w.
650 1 7 _aالصهيونيه
650 1 7 _aاسراايل
650 1 7 _aالوضع في الشرق الاوسط
700 1 _aقصاص، محمد جميل
_eمترجم
942 _2ddc
_cBK
999 _c116179
_d116179